LIBRARY & INFORMATION CENTRE, KCAET, TAVANUR

ONLINE PUBLIC ACCESS CATALOGUE (OPAC)

Normal view MARC view
  • Dr.Geetha Susan Philip (Guide)

Entry Personal Name

Number of records used in: 1

001 - CONTROL NUMBER

  • control field: 2223

003 - CONTROL NUMBER IDENTIFIER

  • control field: OSt

005 - DATE AND TIME OF LATEST TRANSACTION

  • control field: 20171213125447.0

008 - FIXED-LENGTH DATA ELEMENTS

  • fixed length control field: 171213|| aca||aabn | a|a d

040 ## - CATALOGING SOURCE

  • Original cataloging agency: OSt
  • Transcribing agency: OSt

100 ## - HEADING--PERSONAL NAME

  • Personal name: Dr.Geetha Susan Philip (Guide)

670 ## - SOURCE DATA FOUND

  • Source citation: Work cat.: (OSt): OBILY B.W SABARINATH R SHIMNA K.T 2222, Studies on a stand alone micro wind turbine
free website counter